Metódy a modely tvorby finančného plánu diplomová práca

Salvato in:
Dettagli Bibliografici
Autore principale: Ovsianková, Ivana
Ente Autore: Fakulta podnikového manažmentu EU. Katedra podnikových financií
Altri autori: Foltínová, Ľubica, 1975-
Natura: Libro
Lingua:slovacco
Pubblicazione: Bratislava 2014
Tags: Aggiungi Tag
Nessun Tag, puoi essere il primo ad aggiungerne!!

MARC

LEADER 00000nbm a2200000 4500
001 0188000
005 20170201092335.0
041 0 |a slo 
044 |a SK 
245 1 0 |a Metódy a modely tvorby finančného plánu  |b diplomová práca  |c Ivana Ovsianková ; školiteľ: Ľubica Foltínová 
264 1 |a Bratislava  |c 2014 
300 |a 81 s. 
100 1 |a Ovsianková, Ivana 
700 1 |a Foltínová, Ľubica, 1975- 
710 2 |a Fakulta podnikového manažmentu EU. Katedra podnikových financií